[Event "Tarragona Province-chA"]
[Site "Tarragona"]
[Date "2008.05.31"]
[Round "7"]
[White "Fernandez Fuentes, Francisco Javier"]
[Black "Guasch Murtra, Josep Maria"]
[Result "1-0"]
[WhiteElo "2141"]
[BlackElo "2048"]
[PlyCount "83"]
[EventDate "2008.04.19"]
[EventType "swiss"]
[EventRounds "8"]
[EventCountry "ESP"]
[SourceTitle "EXT 2019"]
[Source "ChessBase"]
[SourceDate "2018.10.10"]
[SourceVersion "1"]
[SourceVersionDate "2018.10.10"]
[SourceQuality "1"]

1. e4 c5 2. Nc3 e6 3. Nf3 d6 4. d4 cxd4 5. Nxd4 Nf6 6. g4 Nc6 7. g5 Nd7 8. Be3 Nxd4 9. Qxd4 Ne5 10. Be2 Bd7 11. 0-0-0 Qa5 12. Kb1 Nc6 13. Qd2 0-0-0 14. Nb5 Qa4 15. b3 Qb4 16. Nxa7+ Kc7 17. Nb5+ Kb8 18. Qxb4 Nxb4 19. Nxd6 Bxd6 20. Rxd6 Bc6 21. Rxd8+ Rxd8 22. f3 Be8 23. a3 Nc6 24. Rd1 Rxd1+ 25. Bxd1 Kc7 26. c4 Bd7 27. Kb2 Ne7 28. Bd4 g6 29. b4 Nc6 30. Kc3 e5 31. Be3 Nd8 32. b5 Ne6 33. Kb4 Be8 34. a4 Bd7 35. c5 Be8 36. Bb3 Nd8 37. Bd5 Bd7 38. a5 Bc8 39. h4 Ne6 40. c6 bxc6 41. Bxc6 Nd8 42. Bb6+ 1-0

[Event "Tarragona Province-chA"]
[Site "Tarragona"]
[Date "2008.05.10"]
[Round "4"]
[White "Farran Martos, Francesco Xavier"]
[Black "Fernandez Fuentes, Francisco Javier"]
[Result "1/2-1/2"]
[WhiteElo "2233"]
[BlackElo "2141"]
[PlyCount "88"]
[EventDate "2008.04.19"]
[EventType "swiss"]
[EventRounds "8"]
[EventCountry "ESP"]
[SourceTitle "EXT 2019"]
[Source "ChessBase"]
[SourceDate "2018.10.10"]
[SourceVersion "1"]
[SourceVersionDate "2018.10.10"]
[SourceQuality "1"]

1. e4 c5 2. Nf3 Nf6 3. Nc3 d5 4. exd5 Nxd5 5. Bb5+ Nc6 6. Ne5 Nxc3 7. bxc3 Qd5 8. Nxc6 bxc6 9. Bf1 Bf5 10. f3 e6 11. Be2 c4 12. d4 cxd3 13. cxd3 Qa5 14. Bd2 Rd8 15. d4 Bd6 16. 0-0 0-0 17. f4 Qc7 18. c4 c5 19. d5 exd5 20. cxd5 Be4 21. Bf3 Bd3 22. Ba5 Qxa5 23. Qxd3 Qc7 24. Be4 g6 25. g3 c4 26. Qf3 f5 27. Bc2 Qc5+ 28. Kh1 Bc7 29. Rad1 Rfe8 30. g4 Re3 31. Qg2 fxg4 32. Qxg4 Rxd5 33. Qg2 Rxd1 34. Rxd1 Qe7 35. Rg1 Re1 36. Qd5+ Kg7 37. Qxc4 Rxg1+ 38. Kxg1 Qe3+ 39. Kg2 Bxf4 40. Qd3 Qe5 41. Qd7+ Kf6 42. Qd8+ Kg7 43. Qd7+ Kh6 44. Qd3 Kg7 1/2-1/2

[Event "Tarragona op 8th"]
[Site "Tarragona"]
[Date "2007.08.26"]
[Round "9"]
[White "Djingarova, Emilia"]
[Black "Fernandez Fuentes, Francisco Javier"]
[Result "1-0"]
[WhiteElo "2266"]
[BlackElo "2158"]
[PlyCount "78"]
[EventDate "2007.08.18"]
[EventType "swiss"]
[EventRounds "9"]
[EventCountry "ESP"]
[SourceTitle "CBM 119 Extra"]
[Source "ChessBase"]
[SourceDate "2007.09.04"]
[SourceVersion "1"]
[SourceVersionDate "2007.09.04"]
[SourceQuality "1"]

1. Nf3 Nf6 2. g3 b6 3. Bg2 Bb7 4. 0-0 c5 5. c4 g6 6. Nc3 Bg7 7. d4 cxd4 8. Qxd4 0-0 9. Qh4 d6 10. Bh6 Nbd7 11. Rac1 Rc8 12. b3 Rc5 13. Bxg7 Kxg7 14. Rfd1 Qa8 15. Ne1 a6 16. a4 Rfc8 17. Qd4 Kg8 18. Rb1 R5c7 19. Bh3 Rb8 20. Qe3 Nc5 21. f3 Bc8 22. Bxc8 Rbxc8 23. Nc2 Qb7 24. Nb4 Re8 25. Nbd5 Nxd5 26. Nxd5 Rcc8 27. Rd4 Ne6 28. Rh4 b5 29. axb5 axb5 30. Rf1 Nf8 31. Re4 Ne6 32. f4 bxc4 33. bxc4 Qa6 34. Rc1 Kg7 35. g4 Nc5 36. Rxe7 Rxe7 37. Qxe7 Rb8 38. f5 Qa3 39. Rf1 Nb3 1-0